[Event "Valle d'Aosta op 11th"]
[Site "Saint Vincent"]
[Date "2003.02.14"]
[Round "7"]
[White "Baklan, Vladimir"]
[Black "Arizmendi Martinez, Julen Luis"]
[Result "1/2-1/2"]
[WhiteElo "2605"]
[BlackElo "2520"]
[Annotator "Arizmendi,J"]
[PlyCount "63"]
[EventDate "2003.02.08"]
[EventType "swiss"]
[EventRounds "9"]
[EventCountry "ITA"]
[SourceTitle "CBM 094"]
[Source "ChessBase"]
[SourceDate "2003.05.26"]
[SourceVersion "1"]
[SourceVersionDate "2003.05.26"]
[SourceQuality "1"]

1. e4 e6 2. d4 d5 3. Nd2 Be7 {This variation is becoming popular nowadays, but
it was Romanishin, back in the seventies, who first began to use it frequently.
The main idea behind 3...Be7 is to wait and see white´s piece setting, and
react accordingly, while having developed the bishop (admittedly not to such
an active square, but a normal one in the French). Thus, after 4.Ngf3 Nf6 5.e5
Nfd7, and we reach a Tarrasch with the knight on f3, something which is not to
everyone´s liking. Or 4.c3 c5 5.dxc5 Bxc5 6.exd5 exd5, which leads us to a
normal 3...c5 Tarrasch where white has commited himself to an early c2-c3, not
considered to be dangerous for black at all. I guess 4.e5 c5 5.Qg4 is the most
"principled" variation, but black has scored quite OK with Morozevich´s 5...
Kf8, making use of white´s misplaced queen to develop a quick initiative.} 4.
Bd3 {The normal continuation. White is not trying to refute black´s system,
and his only aim is getting a slight space advantage and to play on from there.
Tiviakov has been especially successful with this policy.} c5 5. dxc5 (5. exd5
{is nothing to worry about.} Qxd5 (5... exd5 {is also possible}) 6. Ngf3 cxd4 {
And we have arrived to a theoretical variation with the moves Bd3 and Be7 on
the board. This should favour black, since white´s normal move, with the
bishop on f1, would be Bc4. Now that would only mean a loss of a tempo.}) 5...
Nf6 6. Qe2 (6. Ngf3 dxe4 7. Nxe4 Nxe4 8. Bxe4 Qxd1+ 9. Kxd1 Bxc5 {is equal.})
6... Nc6 (6... O-O 7. Ngf3 a5 {Is another interesting move-order, with the
idea of developing the knight to a6.}) 7. Ngf3 Nb4 (7... Bxc5 8. O-O Qc7 9. a3
a6 10. e5 Nd7 11. Re1 b5 12. Nb3 Be7 13. Bf4 Nb6 14. Nfd4 Bd7 15. c3 Na4 16.
Nxc6 Bxc6 17. Nd4 g6 18. Rab1 Bd7 19. Qe3 Bf8 20. Bg5 Bg7 21. Qf4 h6 22. Bf6
Bxf6 23. Qxf6 Rg8 24. Qf4 Rh8 25. Qf6 Rg8 26. Re3 Qd8 27. Qf4 h5 28. Rg3 Qe7
29. Nf3 Bc6 30. Ng5 Rg7 31. Bc2 Nb6 32. h4 Nd7 33. Rf3 Ra7 34. Qd4 Qc5 35. Nxf7
Qxd4 36. Nd6+ Ke7 37. cxd4 Ra8 38. Rc1 Rf8 39. Rg3 Rf4 40. Bxg6 Rxd4 41. Rxc6 {
1-0 Tiviakov,S-Minasian,A/Ohrid MKD 2001 (41)}) (7... a5 8. O-O O-O 9. a4 Nd7
10. Nb3 Nxc5 11. Nxc5 Bxc5 12. c3 Bd7 13. Bf4 Ne7 14. e5 Ng6 15. Bg3 f5 16.
exf6 gxf6 17. c4 dxc4 18. Bxc4 Qe7 19. h4 Rfe8 20. Rfd1 Kh8 21. h5 Nf8 22. Ne5
Rad8 23. Bh4 Bc6 24. Ng4 Rxd1+ 25. Rxd1 Nd7 26. Rxd7 Qxd7 27. Bxf6+ Kg8 28.
Nh6+ Kf8 29. Qg4 {1-0 Tiviakov,S-Lputian,S/Ohrid 2001/CBM 84 (29)}) 8. O-O (8.
Nb3 {White does not try to hold on to the pawn anymore after the following
game:} Nxd3+ 9. cxd3 a5 10. Bg5 a4 11. Nbd2 h6 12. Bxf6 Bxf6 13. e5 Be7 14. Qe3
Qa5 15. Rc1 b6 $1 16. cxb6 Bd8 17. Qc5 Qxc5 18. Rxc5 Bxb6 {Black´s bishops
prove their worth in the ending.} 19. Rc2 O-O 20. Nf1 Ba6 21. Ke2 Bb5 22. Ne3
f5 23. Rhc1 Rab8 24. a3 g5 25. h3 Kg7 26. Rb1 Kg6 27. Rcc1 h5 28. Nc2 g4 29.
Nfd4 Bd7 30. b3 axb3 31. Rxb3 Bc7 32. Rxb8 Rxb8 33. Nb4 Bxe5 34. Ndc6 Bxc6 35.
Rxc6 Kf7 36. hxg4 hxg4 37. g3 Rh8 38. Rc2 Ra8 39. Ra2 Ra4 40. Nc2 Ke7 41. Ke3
d4+ 42. Ke2 Bd6 43. Ra1 e5 44. Rh1 Ra8 45. Ra1 Rc8 46. Kd2 Bc7 47. Nb4 Ba5 48.
Rh1 Rb8 49. Rh7+ Kf6 50. Rh6+ Kf7 51. Ra6 Bxb4+ 52. axb4 Rxb4 53. Ra7+ Ke6 54.
Ra6+ Ke7 55. Ra7+ Kd6 56. Ra6+ Kc5 57. Re6 Rb2+ 58. Ke1 Kb4 59. Rxe5 Kc3 60.
Rxf5 Kxd3 61. Kf1 Rb1+ 62. Kg2 Kc4 63. Rf8 d3 64. Rc8+ Kb3 65. Rb8+ Kc2 66.
Rc8+ Kd1 67. Rc4 d2 68. Rxg4 Ke2 69. Rd4 d1=Q 70. Rxd1 Rxd1 71. g4 Rf1 {
0-1 Godena,M-Morozevich,A/Istanbul TUR 2000/(71)}) 8... Nxd3 {Following in
Morozevich´s footsteps. The alternative would be} (8... O-O 9. Nb3 a5 10. a4 {
reaching the Tiviakov - Lputian game above.}) 9. cxd3 Bxc5 10. Nb3 Be7 11. Bg5
h6 $1 {It is very important to force white´s bishop to chose diagonal.} 12. Bh4
{Now, in some variations, black has the possibility of Qb6, without having to
worry about Bg5-e3.} Bd7 {Not the most common move, but interesting
nonetheless. 12...Qb6 would be the alternative.} 13. e5 (13. Bxf6 Bxf6 14. exd5
O-O 15. dxe6 Bxe6 {And black´s compensation for the pawn is good enough due
his strong bishop pair and the not so great white plus pawn on d3.}) 13... Ng8
14. Bxe7 $5 {This move tries to take advantage of the early Bd7, but I believe
black should not have special problems equalizing from here,although white
presses a bit.} Nxe7 15. Nc5 Qb6 (15... O-O $6 {Is a possibility my opponent
showed to me after the game, and which I had not even considered for too long.
After looking at it a bit though, I think black does not have enough
compensation for the pawn after} 16. Nxb7 Qb6 17. Nd6 f6 18. d4 Ng6 19. Rac1 {
and now} fxe5 20. dxe5 (20. Nxe5 Nf4) 20... Rxf3 $6 21. Qxf3 Nxe5 22. Qa3 {
is very good for white.}) (15... Rb8 {Might be a try, simply intending b6.}) (
15... b6 $2 16. Nb7 Qb8 17. Nd6+ $16) (15... Bc6 $6 {allows white to get two
very strong outposts for his knights: c5 and d4.} 16. Nd4 Qb6 17. Rfc1 {
White´s position is very easy to play.} O-O 18. a3 a5 19. Rc3 Rfc8 20. Rac1 Be8
21. Qd2 Rc7 22. R3c2 a4 23. Ne2 Qa5 24. Qd1 Qa7 25. d4 Rac8 26. Ng3 Bb5 27. Nh5
b6 28. Nd3 Nf5 29. Ne1 Rxc2 30. Rxc2 Rxc2 31. Nxc2 Bc4 32. Ne3 Bb3 33. Qg4 Qa5
34. h3 Qe1+ 35. Kh2 g6 36. Nf6+ Kg7 37. Qf4 Qe2 38. Nfg4 g5 39. Nxf5+ exf5 40.
Qxf5 {1-0 Luther,T-Duppel,M/Boeblingen 2000/CBM 79 ext (40)}) 16. Rfc1 (16. b4
{Is not a problem for black.} a5 17. a3 (17. Nxd7 Kxd7 18. bxa5 Rxa5 19. Rfb1
Qa6) 17... axb4 18. axb4 Rxa1 19. Rxa1 Qxb4 20. Qc2 Bc8 21. Rb1 Qa3 $1 $11 {
from here black defends e7, so after} 22. Nxb7 Bxb7 23. Rxb7 O-O {the position
is dead equal.}) 16... Rc8 {Forcing d3-d4, which takes away this nice square
from white´s f3 knight.} 17. d4 Bc6 {It is going to take some time for black
to unravel completely and be able to expel that bothering knight on c5, but it
looks as if white cannot achieve anything in the mean time.} 18. Rc3 Qd8 {
I wanted to make all useful moves before playing b6, but to castle was the
last one in order not to give white a target too early.} 19. Rac1 O-O (19... b6
20. Nd3 Bb5 21. Rxc8 Nxc8 22. Qc2 Ne7 23. Nf4) 20. Qd2 {Baklan is setting
everything up for an attack on the king side, but the white rooks will never
get there.} b6 21. Nd3 Qd7 22. Nf4 Bb5 {keeping the queen protected.} (22...
Bb7 $6 23. Nh5 Rxc3 24. Rxc3 Rc8 25. Qxh6 $1 {should be avoided.}) 23. h3 (23.
Nh5 Rxc3 24. Rxc3 Rc8 {is fine for black now.}) 23... Rxc3 24. Rxc3 Rc8 25.
Rxc8+ Qxc8 26. b3 a5 27. Kh2 Kh7 $5 {Not really necessary, but I wanted to
exchange the f4 knight and then try to activate by light-squared bishop.} 28.
Ne1 Ng6 29. Nxg6 Kxg6 30. Nc2 Kh7 31. Ne3 Qa6 32. Kg3 {Both 32...Bd3 and 32...
Be2 followed by 33...Qd3 are good enough for equality.} 1/2-1/2

[Event "Dallas UTD"]
[Site "Dallas"]
[Date "2004.12.07"]
[Round "1"]
[White "Panchanathan, Magesh Chandran"]
[Black "Vavrak, Peter"]
[Result "1-0"]
[WhiteElo "2482"]
[BlackElo "2388"]
[Annotator "Atlas,V"]
[PlyCount "49"]
[EventDate "2004.12.07"]
[EventType "tourn"]
[EventRounds "9"]
[EventCountry "USA"]
[EventCategory "10"]
[SourceTitle "CBM 105"]
[Source "ChessBase"]
[SourceDate "2005.04.11"]
[SourceVersion "1"]
[SourceVersionDate "2005.04.11"]
[SourceQuality "1"]

1. e4 e6 2. d4 d5 3. Nd2 Be7 4. Bd3 c5 5. dxc5 Nf6 6. Qe2 O-O 7. Ngf3 a5 8. O-O
Na6 9. exd5 Qxd5 10. Nc4 Bxc5 11. c3 Ba7 12. Rd1 Qh5 13. Nfe5 Qxe2 14. Bxe2 Nc5
15. Be3 Nd5 16. Bxc5 Bxc5 17. Bf3 {[%csl Gc4,Rd5,Ge5,Gf3][%cal Gf3a8] White
obviously won the opening battle. Weiß hat die Eröffnungsschlacht
offensichtlich für sich entschieden.} b6 18. Nd3 (18. b4 {was another
appealing option: war ebenfalls eine attraktive Möglichkeit:} axb4 19. cxb4
Bxb4 20. Bxd5 exd5 21. Nxb6 {, with advantage. mit Vorteil.}) 18... Bb7 19.
Nxc5 bxc5 20. Ne5 Ra7 21. Nd7 Rc8 22. c4 Nf4 23. Nb6 Rb8 24. Rd7 Ra6 $4 ({
Allows White to conclude the game with a nice final blow. More stubborn was
Erlaubt Weiß, die Partie mit einer schönen Schlusspointe zu beenden.
Hartnäckiger war} 24... Ng6 25. Na4 Ne5 26. Rc7 Nxf3+ 27. gxf3 Raa8 28. Nb6) ({
or bzw.} 24... Bxf3 25. Rxa7 Bxg2 26. Rd1 g5 27. Rd6 {, although White retains
excellent winning chances in both lines. , obwohl Weiß in beiden Abspielen
vorzügliche Gewinnchancen behält.}) {[%tqu "En","White has a terrific position.
How can he harvest it?","Exploit the weakness of Black's back rank and the
shaky position of the black bishop.","Sacrifice your knight!","b6c8","This
beautiful sacirifice wins on the spot!",5,"De","Weiß hat eine prächtige
Stellung. Wie kann er die Ernte einfahren?","Schlagen Sie Kapital aus der
schwarzen Grundreihenschwäche und der unsicheren Stellung des schwarzen
Läufers.","Opfern Sie Ihren Springer!","b6c8","Dieses wunderschöne Opfer
gewinnt auf der Stelle!",5]} 25. Nc8 $1 {[%csl Ra6,Rb7,Rb8,Gc8,Gd7,Rg8] A
beautiful move crowning White's excellent play in this game. Ein wunderschöner
Zug, der das ausgezeichnete Spiel des Weißen in dieser Partie krönt.} (25. Nc8
{Black resigned, as after Schwarz gab auf, denn nach} Rxc8 (25... Bxc8 26. Rd8#
) 26. Bxb7 Raa8 27. Bxa8 Rxa8 28. Rad1 Ne2+ 29. Kf1 Nd4 30. Rc7 {his position
is absolutely hopeless. ist seine Stellung absolut hoffnungslos.}) 1-0

[Event "GER-ch 73th"]
[Site "Altenkirchen"]
[Date "2001.12.01"]
[Round "2"]
[White "Tischbierek, Raj"]
[Black "Hertneck, Gerald"]
[Result "1-0"]
[WhiteElo "2493"]
[BlackElo "2572"]
[Annotator "Atlas,V"]
[PlyCount "61"]
[EventDate "2001.11.30"]
[EventType "swiss"]
[EventRounds "9"]
[EventCountry "GER"]
[SourceTitle "CBM 087"]
[Source "ChessBase"]
[SourceDate "2002.03.21"]
[SourceVersion "1"]
[SourceVersionDate "2002.03.21"]
[SourceQuality "1"]

1. e4 e6 2. d4 d5 3. Nd2 b6 4. Ngf3 Nf6 5. Ne5 Bb7 6. Bb5+ c6 7. Bd3 Nbd7 8.
Nxd7 Nxd7 9. e5 c5 10. c3 a5 11. Qe2 Qc8 12. O-O Be7 13. Qg4 Kf8 14. Re1 Ba6
15. Bb1 cxd4 16. cxd4 Ra7 17. Nf3 h6 18. Bd2 Rc7 19. a3 Qe8 20. h4 Rc6 21. Qf4
Kg8 22. h5 g5 23. Qg3 Kg7 24. Nh2 f5 25. exf6+ Bxf6 26. Bg6 Qb8 27. Qh3 Qd6 28.
Bc3 e5 $4 ({A decisive mistake. Black clearly underestimated the danger for
his king. After prudent} 28... Rhc8 {/\Nf8, Black retains counterchanes.}) 29.
dxe5 Nxe5 30. Bxe5 $1 (30. Rxe5 $2 {is strongly met by} Rxc3 $1) 30... Bxe5 {
[%tqu "En","How should White use the power of his active pieces?","Try to
deflect the black queen.","Employ your e1-rook!","e1e5","Of course! This
simple move wins on the spot.",5]} 31. Rxe5 $1 (31. Rxe5 $1 {[%csl Rg7][%cal
Gh3d7] , and Black resigned in view of} Qxe5 32. Qd7+) 1-0

[Event "Hamburg HSK"]
[Site "Hamburg"]
[Date "2011.01.08"]
[Round "8.3"]
[White "Rausis, Igors"]
[Black "Berger, Steve"]
[Result "1/2-1/2"]
[WhiteElo "2484"]
[BlackElo "2427"]
[Annotator "Bach,M"]
[PlyCount "71"]
[EventDate "2011.01.02"]
[EventType "tourn"]
[EventRounds "9"]
[EventCountry "GER"]
[EventCategory "7"]
[SourceTitle "CBM 140 Extra"]
[Source "ChessBase"]
[SourceDate "2011.03.01"]
[SourceVersion "1"]
[SourceVersionDate "2011.03.01"]
[SourceQuality "1"]

{Hier erfolgt die Kommentierung mit dem Rechenknecht} 1. e4 e6 2. d4 d5 3. Nd2
Be7 {eher selten gespielt viel häufiger folgt Sf6 oder c5. Für Igors Rausis
war der Zug sicher keine Überraschung da Steve Berger diesen Zug häufig
anwendet.} 4. e5 Nh6 5. Ndf3 c5 {in den letzten Züge folgten beide Seiten
nicht dem Haupstrang der Theorie, so dass nach 5 Zügen eine echte
Nebenvariante der Französischen Verteidigung erreicht ist.} 6. c3 Nc6 7. Bd3
cxd4 8. cxd4 f6 9. exf6 Bxf6 10. Ne2 Qb6 11. O-O Bd7 12. b3 Nf7 13. Be3 Qd8 14.
Nf4 g6 15. Re1 O-O {Beide Seiten haben sich natürlich entwickelt und eine
ausgeglichene Stellung erreicht.} 16. Rc1 Nd6 17. Bb1 Qe7 18. Ne5 {Diagramm [#]
} {Schwarz startet eine hübsche Kombination die die Stellung vereinfacht} Nxe5
19. dxe5 Bxe5 20. Nxd5 exd5 21. Bd4 Bxh2+ {(=) und schon folgt das Remisangebot
} 22. Kxh2 Qh4+ 23. Kg1 Bc6 24. Qd2 Nf5 25. Bc5 d4 26. Bxf8 Rxf8 {Jetzt kann
Schwarz das Remis forcieren.} 27. Qe2 Bxg2 $1 {Der Computer hat kein Einwände.}
28. Qe6+ Kh8 29. Qe5+ Kg8 30. Qe6+ Kh8 31. Qe5+ Kg8 32. Kxg2 Qg4+ 33. Kh2 Qh4+
34. Kg1 Qg4+ 35. Kh2 (35. Kf1 Ng3+ 36. Qxg3 Qxg3 $19) 35... Qh4+ 36. Kg1
1/2-1/2

[Event "ESP-ch ko"]
[Site "Ayamonte"]
[Date "2007.11.13"]
[Round "3.1"]
[White "Khamrakulov, Ibragim S"]
[Black "Lopez Martinez, Josep Manuel"]
[Result "1/2-1/2"]
[WhiteElo "2604"]
[BlackElo "2563"]
[Annotator "CB"]
[PlyCount "136"]
[EventDate "2007.11.09"]
[EventType "k.o."]
[EventRounds "4"]
[EventCountry "ESP"]
[SourceTitle "EXT 2008"]
[Source "ChessBase"]
[SourceDate "2007.11.25"]
[SourceVersion "1"]
[SourceVersionDate "2007.11.25"]
[SourceQuality "1"]

1. e4 e6 2. d4 d5 3. Nd2 Be7 4. e5 c5 5. Qg4 Bf8 (5... g5 $2 6. Qh5 $1 cxd4 7.
Ndf3 $1 Nc6 8. Nh3 Qc7 9. Nhxg5 Nxe5 10. Bb5+ Bd7 {More stubborn would be 10...
Kf8 11.Se6 Le6 12.De5 De5 13.Se5 with a bad endgame for black.} 11. Nxe6 $1 $18
Nxf3+ 12. gxf3 Qxc2 13. Bxd7+ Kxd7 14. Qxd5+ Kc8 (14... Ke8 15. Qb5+ Qc6 16.
Nc7+ $18) (14... Bd6 15. Nxd4 $18) 15. Bd2 fxe6 16. Qxd4 Bf6 (16... e5 17. Qxe5
Bf6 18. Qe6+ Kd8 19. Rd1 $18) 17. Qd6 Bxb2 18. Qxe6+ Kd8 19. Ba5+ b6 20. Rd1+
Kc7 21. Rd7+ Kb8 22. Bd2 {1-0 Blehm,P-Ionescu,C/Budapest 2000 22...Lc1 23.De5
Kc8 24.De8}) (5... Kf8 $5) 6. dxc5 (6. Ndf3 Nc6 7. dxc5 Qc7 $5 (7... Nge7 8.
Bd2 Ng6 9. Qg3 Bxc5 10. Bd3 $11) (7... f6 $6 8. Bd3 f5 9. Qg3 Qc7 10. Ne2 Bxc5
11. O-O g6 12. a3 $14 {0-1 Vasconcellos,J-Praud,J/Paris 1993}) 8. Qg3 Nge7 9.
c3 Ng6 10. b4 a5 11. Bb5 axb4 12. cxb4 Bd7 13. Bxc6 Bxc6 14. h4 b6 $5 15. h5
Ne7 16. Nd4 bxc5 17. bxc5 Qa5+ (17... Nf5 $5) 18. Bd2 Qxc5 19. Ngf3 Bb5 20.
Nxb5 Qxb5 21. Nd4 Qb6 22. Qd3 Nc6 $14 {1-0 Adams,M-Kristjansson,S/Reykjavik
2003}) 6... Qc7 7. Ngf3 Nd7 (7... Nc6 8. Bb5 f6 9. O-O Bxc5 10. c4 fxe5 11.
Qh5+ g6 12. Qxe5 Qxe5 13. Nxe5 Nge7 14. Ndf3 O-O 15. Bxc6 Nxc6 16. Nxc6 bxc6
17. Bh6 Rf5 18. cxd5 cxd5 19. Rac1 Bb6 20. Be3 Bxe3 21. fxe3 Ba6 22. Rf2 Bd3
23. g4 Rff8 24. Ne5 Be4 25. Rc7 g5 26. b4 a6 27. h3 Rad8 28. Nf7 Rb8 29. Nh6+
Kh8 30. Rxf8+ Rxf8 31. Nf7+ Kg8 32. Nxg5 Bb1 33. Nxe6 Re8 34. Rc6 Bxa2 35. Rxa6
d4 36. Nxd4 Re4 37. Rxa2 {1-0 Nevednichy,V-Antic,D/Herceg Novi 2001}) 8. Nb3
Nxe5 9. Nxe5 (9. Bf4 Nxg4 10. Bxc7 Bd7 11. Bd3 Rc8 12. Bf4 Bxc5 13. Nxc5 Rxc5
14. h3 N4f6 15. Be3 Ra5 16. Bd2 Rc5 (16... Ra4 17. b3 $16) 17. Be3 $11) 9...
Qxe5+ 10. Be3 Bd7 11. O-O-O Nf6 12. Qb4 (12. Qd4 Qxd4 13. Bxd4 a5 $15) 12... b6
13. Qd4 (13. Kb1 Be7 14. Bd3 $11) 13... Qc7 14. cxb6 axb6 15. Kb1 (15. Qxb6
Qxb6 16. Bxb6 Rxa2 17. Kb1 Ra8 18. Bd3 Bd6 $15) 15... b5 16. f3 (16. Qb6 Bd6
17. Qxc7 Bxc7 18. Bd4 $15) 16... Bd6 17. Qb6 Qxb6 18. Bxb6 b4 {Diagrama #} 19.
Nc5 $6 (19. Bc5 Ke7 $15) 19... Bc6 20. Ne4 Nxe4 21. fxe4 Ke7 $17 22. exd5 Bxd5
23. b3 Rhc8 24. Bd4 g6 25. Rd2 Bc5 $6 (25... Bf4 26. Re2 (26. Rf2 e5 27. Bb2 f5
28. Bd3 Kd6 $19) 26... Kd6 27. Be3 Bxe3 28. Rxe3 Ra3 29. Rh3 h5 30. Rh4 Kc5 31.
Bc4 Rca8 $19) 26. a4 (26. Bc4 $5 Bxc4 27. bxc4 Bd6 28. Rf1 f5 29. c5 Bxc5 30.
Bxc5+ Rxc5 31. Rf4 Rb8 32. Rh4 h5 33. Rhd4 Rb6 $19) 26... bxa3 27. Bxc5+ Rxc5
28. c4 Bc6 29. Ka2 Re5 $19 30. Bd3 Re3 $6 (30... Rg5 31. Rg1 f5 32. b4 Rg4 33.
b5 Bb7) 31. Bc2 $6 (31. Rhd1 f5 32. b4) 31... f5 32. b4 Rc3 33. b5 {Diagrama #}
Rd8 $6 (33... Bb7 $19) 34. Rxd8 Kxd8 35. Bb3 $6 (35. Rd1+ $1 Kc7 36. Rd2 Be4
37. Bb3 Bd3 38. Kxa3 Bxc4 39. Kb4 Rxb3+ 40. Kxc4 Rb1 41. Re2 Kd6 42. Rd2+ Ke7
43. Kc5) 35... Bxg2 36. Rd1+ Kc8 37. Kxa3 f4 38. Kb4 Re3 39. c5 f3 40. Bc4 f2
41. Ka5 Re1 42. Rd2 f1=Q 43. Bxf1 Bxf1 44. Rf2 Ra1+ (44... Rb1) 45. Kb6 Rb1 46.
Rf8+ Kd7 47. c6+ {Diagrama #} Ke7 $2 (47... Kd6 48. Rd8+ Ke7 49. c7 Bxb5 $19)
48. Rxf1 Rxf1 49. Kc7 e5 50. b6 e4 51. b7 Rb1 52. b8=Q Rxb8 53. Kxb8 e3 54. c7
e2 55. c8=Q e1=Q 56. Qc7+ Kf6 57. Qxh7 g5 58. Kc7 Qc3+ 59. Kd6 Qd4+ 60. Kc6 Qd8
61. Qh3 Qe8+ 62. Kd5 Qe5+ 63. Kc4 Qe4+ 64. Kc3 Qe1+ 65. Kd3 Qd1+ 66. Ke4 Qe2+
67. Qe3 Qc2+ (67... Qxh2 68. Qb6+ $11) 68. Qd3 Qxd3+ 1/2-1/2